| 000 | 02803cam a2200385 a 4500 | ||
|---|---|---|---|
| 001 | 670211490 | ||
| 005 | 20190306113333.0 | ||
| 008 | 190306s2011 enk b 001 0 eng d | ||
| 010 | _a 2010041819 | ||
| 016 | 7 |
_a015351067 _2Uk |
|
| 020 | _z9780415552257 | ||
| 020 | _z0415552257 | ||
| 020 | _a9780203821831 | ||
| 020 | _a9780415532464 | ||
| 020 | _z0203821831 | ||
| 035 | _a(OCoLC)670211490 | ||
| 040 |
_aCo-BoUCM _bspa _cSaul Niño _dSaul Niño |
||
| 041 | 0 | _aeng | |
| 100 | 1 |
_aRajan, V. G. Julie _995738 |
|
| 245 | 1 | 0 |
_aWomen suicide bombers _bnarratives of violence _cV.G. Julie Rajan |
| 260 |
_aMilton Park, Abingdon, Oxon _aNew York _bRoutledge _c2011 |
||
| 300 | _axii, 384 páginas | ||
| 490 | 0 | _aCritical terrorism studies | |
| 505 | 0 | _aIntroduction: the phenomenon of women bombers. Suicide bombing 101 ; Colonialism and the global divide ; Violence, commodification, and global politics ; Femininity, violence, and agency ; Narrating women bombers: negotiated by and negotiating violence ; Chapter overview ; Methodology, challenges, and reflections -- 1. Mad, suicidal, and mentally challenged. The "native" Other: race, religion, and terrorism ; Deviance: the woman condition ; Women bombers: madness and monstrosity ; Abnormal and suicidal ; Unaware and mentally inept -- 2. The female body: sexuality, disease, and contagion. Voice, visibility, and jouissance ; Female sexuality = political agency ; The Third World woman: body, pop culture, and the femme fatale ; Sexual orientations: transexuals and cross-dressers ; Contagion and sexual borders: white women, conversion, and terrorism -- 3. "The Woman Question": women bombers as victims. "The Woman Question": imperial productions of femininity ; Veiled and silenced: victimizing Muslim women ; Raped and coerced ; Honor and redemption ; Poor and uneducated -- 4. Fabricating the female martyr: the Palestinian case. Historic anti-colonial nationalisms ; Modern anti-state nationalisms ; Women in rebel nations, and women rebels ; The Palestinian case -- 5. Mothers and the nation. Mother-as-nation: anti-colonial nationalism ; Mothers and martyrs ; Rebel projections of mother-and-child ; The Western lens: defining the moral maternal ; Disturbing mother figures ; Pregnancy, mimicry, and in-between ; Challenges and critiques. | |
| 546 | _aTexto en inglés | ||
| 650 | 7 |
_aSuicidas _924932 _xMujeres |
|
| 650 | 7 |
_aSuicidas _924932 _xBombas explosivas |
|
| 650 | 7 |
_aTerroristas _925430 _xMujeres |
|
| 650 | 0 |
_aOrganizaciones terroristas _992961 _vEstudio de casos |
|
| 650 | 7 |
_aMujeres _xAspectos sociales _vEstudio de casos _919882 |
|
| 830 | 0 |
_aCritical terrorism studies. _995739 |
|
| 942 |
_2DEWEY _a5 _cLIBRO _e1 _h363.325082 _mR161s |
||
| 999 |
_c311437 _d311437 |
||